000 00664nam a2200229Ia 4500
003 OSt
005 20220927105154.0
006 a|||||r|||| 00| 0
007 ta
008 220926b |||||||| |||| 00| 0 eng d
024 _a190720
037 _cReference Collections
040 _aRTL
_cRTL
_beng
041 _2eng
_aeng
082 _a"Y31:7:7.2.P, N1"
100 _aYugandhar B.N.
_9370661
245 0 _aStudies in multi level planning
_b Methodology
260 _aDelhi
_bHeritage
_c1991
300 _a305p.
_ccm.
942 _h"Y31:7:7.2.P, N1"
_cCC
999 _c691002
_d691002